00757cam a2200229 i 4500020001700000040000800017082002600025245006400051260003100115300003500146500016100181500004000342650003000382650002000412650001100432650001100443650001100454650001100465650001100476700002000487700002000507 a0471053724 : cDLC00a581 WIL 1980 A080 Or.00aAdaptation of plants to water and high temperature stress / aNew York :bWiley,cc1980. axiii, 482 p. :bill. ;c25 cm. a"Proceedings of [a] seminar held from November 6 to 10, 1978, at the Carnegie Institution of Washington, Department of Plant Biology, Stanford, California." a"A Wiley-Interscience publication." 0aPlant-water relationships 0aCrops and water 0aPlants 0aPlants 0aPlants 0aPlants 0aPlants1 aTurner, Neil C.1 aKramer, Paul J.